Golden earth : travels in Burma

Zapisane w:
Opis bibliograficzny
1. autor: Lewis, Norman
Format: Książka
Język:Undetermined
Wydane: New York Scribner 1952
Hasła przedmiotowe:
Etykiety: Dodaj etykietę
Nie ma etykietki, Dołącz pierwszą etykiete!
Thư viện lưu trữ: Trung tâm Học liệu Trường Đại học Cần Thơ
LEADER 00508nam a2200205Ia 4500
001 CTU_89246
008 210402s9999 xx 000 0 und d
082 |a 915.91 
082 |b L666 
100 |a Lewis, Norman 
245 0 |a Golden earth : 
245 0 |b travels in Burma 
245 0 |c Norman Lewis 
260 |a New York 
260 |b Scribner 
260 |c 1952 
650 |a Description and travel 
650 |z Burma 
904 |i Bằng 
980 |a Trung tâm Học liệu Trường Đại học Cần Thơ